00738nam a2200205 i 4500001000300000100002500003245012700028260005100155300003600206504003200242650001500274655003000289700003000319020001500349040000800364041000700372080001400379008004100393856009800434bg1 aKRÓLIKOWSKA, Zofia10aMatematyka :bpodręcznik dla kierunku Inżynieria środowiska.nT. 2 /cZofia Królikowska, Włodzimierz Stankiewicz. aWarszawa :bPaństwowe Wydaw. Naukowe,c1984. a428 s. :brys., wykr. ;c24 cm. aBibliogr. s. 419. - Indeks. 9aMatematyka aPodręczniki akademickie1 aSTANKIEWICZ, Włodzimierz a8301037148 cBPK0 apl a51(075.8) s pl f |000 0 pol  uhttp://koha.tu.koszalin.pl/cgi-bin/koha/opac-detail.pl?biblionumber=33008yKatalog online BPK